<?xml version="1.0" encoding="UTF-8"?><?xml-stylesheet type="text/xsl" href="static/style.xsl"?><OAI-PMH xmlns="http://www.openarchives.org/OAI/2.0/" xmlns:xsi="http://www.w3.org/2001/XMLSchema-instance" xsi:schemaLocation="http://www.openarchives.org/OAI/2.0/ http://www.openarchives.org/OAI/2.0/OAI-PMH.xsd"><responseDate>2026-04-18T02:24:06Z</responseDate><request verb="GetRecord" identifier="oai:riubu.ubu.es:10259/7663" metadataPrefix="marc">https://riubu.ubu.es/oai/request</request><GetRecord><record><header><identifier>oai:riubu.ubu.es:10259/7663</identifier><datestamp>2023-05-03T22:01:19Z</datestamp><setSpec>com_10259_2699</setSpec><setSpec>col_10259_2705</setSpec></header><metadata><record xmlns="http://www.loc.gov/MARC21/slim" xmlns:doc="http://www.lyncode.com/xoai" xmlns:xsi="http://www.w3.org/2001/XMLSchema-instance" xmlns:dcterms="http://purl.org/dc/terms/" xsi:schemaLocation="http://www.loc.gov/MARC21/slim http://www.loc.gov/standards/marcxml/schema/MARC21slim.xsd">
<leader>00925njm 22002777a 4500</leader>
<datafield tag="042" ind1=" " ind2=" ">
<subfield code="a">dc</subfield>
</datafield>
<datafield tag="720" ind1=" " ind2=" ">
<subfield code="a">Bermejo Albarrán, Lucía</subfield>
<subfield code="e">author</subfield>
</datafield>
<datafield tag="260" ind1=" " ind2=" ">
<subfield code="c">2021</subfield>
</datafield>
<datafield tag="520" ind1=" " ind2=" ">
<subfield code="a">Este trabajo se centra en el estudio, por métodos de prospección geofísica, de los karst de la Sierra de Atapuerca y Ojo Guareña (Burgos), que albergan importantes yacimientos de la Prehistoria antigua y reciente.&#xd;
Para este trabajo se han realizado prospecciones de Tomografía de Resistividad Eléctrica (ERT) y georradar (GPR), con el objetivo de identificar las dimensiones y continuidad de las cavidades que albergan estos yacimientos. La interpretación de estos resultados ha permitido determinar la extensión de las cavidades, diferenciar elementos geológicos intactos de alteraciones antrópicas y emplazar nuevas excavaciones arqueológicas. Estas interpretaciones sido comprobadas por medio de sondeos mecánicos con recuperación de testigo.&#xd;
En este trabajo se analizan también las limitaciones de ambos métodos de prospección geofísica y su implicación en la interpretación de los resultados.&#xd;
Todos estos datos han llevado en última instancia a una mejor comprensión del proceso de formación de los karst y de los yacimientos.</subfield>
</datafield>
<datafield tag="520" ind1=" " ind2=" ">
<subfield code="a">This work focusses on the study, through geophysical techniques, of the Sierra de Atapuerca and the Ojo Guareña karst systems, which bear outstanding sites from ancient and recent Prehistory.&#xd;
For this work, Electrical Resistivity Tomography (ERT) and Ground Penetrating Radar (GPR) surveys were performed with the aim of identifying the dimensions and continuity of the karstic passages that bear these sites. The interpretation of the results has allowed determining the extension of the conduits, to distinguish between intact geological features and anthropic alterations, and to locate new archaeological excavations. These interpretations have been verified by mechanical boreholes.&#xd;
In this work, we have also analysed the limitations of both geophysical techniques and their implications in the interpretation of the results.&#xd;
All these data have ultimately led to a better understanding of the karst and sites’ formation process.</subfield>
</datafield>
<datafield tag="024" ind2=" " ind1="8">
<subfield code="a">http://hdl.handle.net/10259/7663</subfield>
</datafield>
<datafield tag="024" ind2=" " ind1="8">
<subfield code="a">10.36443/10259/7663</subfield>
</datafield>
<datafield ind1=" " ind2=" " tag="653">
<subfield code="a">Sierra de Atapuerca</subfield>
</datafield>
<datafield ind1=" " ind2=" " tag="653">
<subfield code="a">Ojo Guareña</subfield>
</datafield>
<datafield ind1=" " ind2=" " tag="653">
<subfield code="a">Sedimentos kársticos</subfield>
</datafield>
<datafield ind1=" " ind2=" " tag="653">
<subfield code="a">ERT</subfield>
</datafield>
<datafield ind1=" " ind2=" " tag="653">
<subfield code="a">GPR</subfield>
</datafield>
<datafield ind1=" " ind2=" " tag="653">
<subfield code="a">Karst sediments</subfield>
</datafield>
<datafield tag="245" ind1="0" ind2="0">
<subfield code="a">Reconocimiento de morfologías endokársticas y yacimientos en los karst de la Sierra de Atapuerca y Ojo Guareña (Burgos) mediante técnicas de prospección geofísica</subfield>
</datafield>
</record></metadata></record></GetRecord></OAI-PMH>